000 00897nam a2200265Ia 4500
003 OSt
005 20220927110911.0
006 a|||||r|||| 00| 0
007 ta
008 220926b |||||||| |||| 00| 0 eng d
024 _a80207
037 _cReports
040 _aRTL
_cRTL
_beng
041 _2eng
_aeng
082 _a"X9:77p1, N67, K9/UN"
110 _aInternational Symposium on Industrial Development (Athens) (1967)
_9380875
245 0 _aReport of the international syposium on industrial development.
260 _aNew
_bYork United Nations USA
_c1969
300 _a"vi, 213p."
_ccm.
490 _aUnited Naitons industrial development organization publicaiton
650 _aIndustriel Economey
700 _aInternational Symposium on Industrial Development (Athens) (1967)
_9380876
942 _h"X9:77p1, N67, K9/UN"
_cCC
999 _c698322
_d698322